Process : (Record no. 7652)

000 -LEADER
fixed length control field 00667cam a2200205 i 4500
003 - CONTROL NUMBER IDENTIFIER
control field OSt
005 - DATE AND TIME OF LATEST TRANSACTION
control field 20200317122640.0
008 - FIXED-LENGTH DATA ELEMENTS--GENERAL INFORMATION
fixed length control field 130826s2014 enk 001 0 eng
020 ## - INTERNATIONAL STANDARD BOOK NUMBER
International Standard Book Number 9780415522649 (alk. paper)
040 ## - CATALOGING SOURCE
Original cataloging agency DLC
Language of cataloging eng
Transcribing agency DLC
Description conventions rda
Modifying agency DLC
082 00 - DEWEY DECIMAL CLASSIFICATION NUMBER
Classification number 720
Edition number 23
Item number GAI
100 1# - MAIN ENTRY--PERSONAL NAME
Personal name Borden, Gail Peter.
245 10 - TITLE STATEMENT
Title Process :
Remainder of title material and representation in architecture /
Statement of responsibility, etc Gail Peter Borden.
250 ## - EDITION STATEMENT
Edition statement First edition.
300 ## - PHYSICAL DESCRIPTION
Extent 287 pages :
Other physical details illustrations (some color) ;
Dimensions 28 cm
500 ## - GENERAL NOTE
General note Includes index.
650 #0 - SUBJECT ADDED ENTRY--TOPICAL TERM
Topical term or geographic name as entry element Architectural design
Form subdivision Case studies.
650 #0 - SUBJECT ADDED ENTRY--TOPICAL TERM
Topical term or geographic name as entry element Architecture
General subdivision Composition, proportion, etc.
Form subdivision Case studies.
942 ## - ADDED ENTRY ELEMENTS (KOHA)
Source of classification or shelving scheme
Holdings
Withdrawn status Lost status Source of classification or shelving scheme Damaged status Koha normalized classification for sorting Not for loan Permanent location Current location Date acquired Total Checkouts Full call number Barcode Date last seen Date last borrowed Price effective from Koha item type
        720_000000000000000_BRO   BMS College of Architecture, Design and Planning BMS College of Architecture, Design and Planning 2020-03-17 1 720 BRO AR-PG286 2022-09-03 2022-08-26 2020-03-17 PG Books
        720_000000000000000_BRO   BMS College of Architecture, Design and Planning BMS College of Architecture, Design and Planning 2020-03-17   720 BRO AR-UG1492 2020-03-17   2020-03-17 UG Books
Copyright © 2025, The Librarian, Library and Information Centre, BMSCA D&P, Bengaluru. All Rights Reserved
web counter

Powered by Koha